<?xml version="1.0" encoding="UTF-8"?><?xml-stylesheet type="text/xsl" href="static/style.xsl"?><OAI-PMH xmlns="http://www.openarchives.org/OAI/2.0/" xmlns:xsi="http://www.w3.org/2001/XMLSchema-instance" xsi:schemaLocation="http://www.openarchives.org/OAI/2.0/ http://www.openarchives.org/OAI/2.0/OAI-PMH.xsd"><responseDate>2026-04-17T01:16:52Z</responseDate><request verb="GetRecord" identifier="oai:www.recercat.cat:2117/446189" metadataPrefix="marc">https://recercat.cat/oai/request</request><GetRecord><record><header><identifier>oai:recercat.cat:2117/446189</identifier><datestamp>2025-11-13T12:58:11Z</datestamp><setSpec>com_2072_1033</setSpec><setSpec>col_2072_452951</setSpec></header><metadata><record xmlns="http://www.loc.gov/MARC21/slim" xmlns:dcterms="http://purl.org/dc/terms/" xmlns:xsi="http://www.w3.org/2001/XMLSchema-instance" xmlns:doc="http://www.lyncode.com/xoai" xsi:schemaLocation="http://www.loc.gov/MARC21/slim http://www.loc.gov/standards/marcxml/schema/MARC21slim.xsd">
   <leader>00925njm 22002777a 4500</leader>
   <datafield ind2=" " ind1=" " tag="042">
      <subfield code="a">dc</subfield>
   </datafield>
   <datafield ind2=" " ind1=" " tag="720">
      <subfield code="a">Ruiz Carrasco, Aramís Agustín</subfield>
      <subfield code="e">author</subfield>
   </datafield>
   <datafield ind2=" " ind1=" " tag="260">
      <subfield code="c">2025-05-28</subfield>
   </datafield>
   <datafield ind2=" " ind1=" " tag="520">
      <subfield code="a">Este Trabajo Final de Grado se basa en el análisis práctico del rol del Coordinador de Seguridad y Salud CSS en dos obras reales: una de edificación privada, siendo la reforma de un hotel en uso y otra de obra civil pública, que consistirá en la rehabilitación de la estructura metálica de una pérgola fotovoltaica en el Parque del Fórum de Barcelona. La experiencia se desarrolla en el marco de las prácticas realizadas en la empresa Tulpan Intermediació, S.L., especializada en prevención de riesgos laborales. 

En ambas obras se realiza un seguimiento detallado desde el inicio hasta la finalización de los trabajos, documentando protocolos, evaluación de riesgos, medidas preventivas y correctoras, incidencias detectadas y acciones de mejora implantadas. A lo largo del seguimiento, se aplican los conocimientos adquiridos tanto en la carrera como en la asignatura de Coordinación de Seguridad y Salud Laboral, permitiendo intervenir directamente en la mejora de condiciones de seguridad mediante propuestas reales. 

El trabajo combina normativa aplicable (RD 1627/1997, CAE, PSS), análisis técnico y experiencia práctica, integrando reportes fotográficos, actas de visita y planos de intervención, ofreciendo una visión completa y aplicada de la figura del CSS en entornos con dinámicas y riesgos muy distintos.</subfield>
   </datafield>
   <datafield ind2=" " ind1=" " tag="520">
      <subfield code="a">Objectius de Desenvolupament Sostenible::3 - Salut i Benestar</subfield>
   </datafield>
   <datafield ind2=" " ind1=" " tag="520">
      <subfield code="a">Objectius de Desenvolupament Sostenible::8 - Treball Decent i Creixement Econòmic</subfield>
   </datafield>
   <datafield ind2=" " ind1=" " tag="520">
      <subfield code="a">Objectius de Desenvolupament Sostenible::11 - Ciutats i Comunitats Sostenibles</subfield>
   </datafield>
   <datafield ind2=" " ind1=" " tag="520">
      <subfield code="a">Objectius de Desenvolupament Sostenible::12 - Producció i Consum Responsables</subfield>
   </datafield>
   <datafield ind2=" " ind1=" " tag="520">
      <subfield code="a">Objectius de Desenvolupament Sostenible::13 - Acció per al Clima</subfield>
   </datafield>
   <datafield ind1="8" ind2=" " tag="024">
      <subfield code="a">http://hdl.handle.net/2117/446189</subfield>
   </datafield>
   <datafield tag="653" ind2=" " ind1=" ">
      <subfield code="a">Àrees temàtiques de la UPC::Economia i organització d'empreses::Seguretat industrial</subfield>
   </datafield>
   <datafield tag="653" ind2=" " ind1=" ">
      <subfield code="a">Àrees temàtiques de la UPC::Edificació::Seguretat en la construcció</subfield>
   </datafield>
   <datafield tag="653" ind2=" " ind1=" ">
      <subfield code="a">Building--Safety measures</subfield>
   </datafield>
   <datafield tag="653" ind2=" " ind1=" ">
      <subfield code="a">Construction industry--Security measures</subfield>
   </datafield>
   <datafield tag="653" ind2=" " ind1=" ">
      <subfield code="a">Construcció--Mesures de seguretat</subfield>
   </datafield>
   <datafield tag="653" ind2=" " ind1=" ">
      <subfield code="a">Indústria de la construcció--Mesures de seguretat</subfield>
   </datafield>
   <datafield ind2="0" ind1="0" tag="245">
      <subfield code="a">Gestión y seguimiento de seguridad y salud laboral en la reforma del Hotel Le Méridien Ra: Análisis de riesgos y medidas preventivas</subfield>
   </datafield>
</record></metadata></record></GetRecord></OAI-PMH>